[Event "Styrian op-B"]
[Site "Bad Gleichenberg"]
[Date "2014.07.06"]
[Round "2"]
[White "Eder, Josef"]
[Black "Morgunov, Daniel"]
[Result "1/2-1/2"]
[WhiteElo "1927"]
[BlackElo "1742"]
[PlyCount "98"]
[EventDate "2014.07.05"]
[EventType "swiss"]
[EventRounds "9"]
[EventCountry "AUT"]
[SourceTitle "EXT 2016"]
[Source "ChessBase"]
[SourceDate "2015.10.08"]
[SourceVersion "1"]
[SourceVersionDate "2015.10.08"]
[SourceQuality "1"]

1. e4 e5 2. Nf3 Nc6 3. Bb5 Nd4 4. Nxd4 exd4 5. d3 Bc5 6. 0-0 c6 7. Bc4 d5 8. exd5 cxd5 9. Bb5+ Bd7 10. Qe2+ Ne7 11. Bxd7+ Qxd7 12. Nd2 0-0 13. Nf3 Rfe8 14. Ne5 Qe6 15. Qe1 Nc6 16. Nf3 Nb4 17. Qd2 Qe2 18. Re1 Qxd2 19. Rxe8+ Rxe8 20. Bxd2 a5 21. a3 Nc6 22. Re1 Rxe1+ 23. Bxe1 Kf8 24. Kf1 Ke7 25. Ke2 Kd6 26. Bd2 f6 27. g4 b6 28. h4 Ke6 29. Nh2 Bd6 30. f4 g5 31. hxg5 fxg5 32. Kf3 b5 33. Nf1 gxf4 34. Bxf4 Bxf4 35. Kxf4 b4 36. Nd2 bxa3 37. bxa3 Na7 38. a4 Nc6 39. Nb3 h6 40. Nc5+ Kf6 41. Nb3 Kg6 42. Kf3 Kg5 43. Kg3 h5 44. gxh5 Kxh5 45. Kf4 Kg6 46. Kg4 Kf6 47. Kf4 Ke6 48. Nc5+ Kd6 49. Nb3 Ke6 1/2-1/2

[Event "Neumarkt am Wallersee op 11th"]
[Site "Neumarkt am Wallersee"]
[Date "2012.08.29"]
[Round "5"]
[White "Traunwieser, Georg"]
[Black "Eder, Josef"]
[Result "1-0"]
[WhiteElo "2167"]
[BlackElo "1994"]
[PlyCount "101"]
[EventDate "2012.08.26"]
[EventType "swiss"]
[EventRounds "9"]
[EventCountry "AUT"]
[SourceTitle "EXT 2013"]
[Source "ChessBase"]
[SourceDate "2012.11.22"]
[SourceVersion "1"]
[SourceVersionDate "2012.11.22"]
[SourceQuality "1"]

1. d4 Nf6 2. c4 g6 3. Nc3 Bg7 4. e4 d6 5. Be2 0-0 6. f4 c5 7. Nf3 cxd4 8. Nxd4 Nc6 9. Be3 Ng4 10. Bxg4 Bxg4 11. Nxc6 Bxd1 12. Nxd8 Bg4 13. Nxb7 Rfb8 14. h3 Bd7 15. Na5 Rxb2 16. Ne2 Rc2 17. Bd4 Rxe2+ 18. Kxe2 Bxd4 19. Rab1 Bb6 20. Nb3 Bc6 21. Kd3 f5 22. Nd2 Ba5 23. exf5 gxf5 24. Rh2 e5 25. g4 e4+ 26. Ke2 fxg4 27. hxg4 Re8 28. Nf1 d5 29. cxd5 Bxd5 30. Ne3 Bf7 31. Rb5 Bb6 32. Nd5 Bxd5 33. Rxd5 Rc8 34. Kd1 Be3 35. Rc2 Rxc2 36. Kxc2 Bxf4 37. Rd4 Be3 38. Rxe4 Bc5 39. Re5 Bb6 40. Re7 Bc5 41. Rb7 a5 42. a4 h6 43. Rb5 Bf2 44. Rxa5 Kg7 45. Ra6 Bh4 46. Kd3 Bf6 47. Ke4 Kf7 48. a5 Kg7 49. Kf5 Bd4 50. Re6 Bc5 51. a6 1-0

[Event "Neumarkt am Wallersee op 09th"]
[Site "Neumarkt am Wallersee"]
[Date "2010.08.28"]
[Round "8"]
[White "Calvi, Stefan"]
[Black "Eder, Josef"]
[Result "0-1"]
[WhiteElo "1995"]
[BlackElo "1954"]
[PlyCount "36"]
[EventDate "2010.08.21"]
[EventType "swiss"]
[EventRounds "9"]
[EventCountry "AUT"]
[SourceTitle "CBM 138 Extra"]
[Source "ChessBase"]
[SourceDate "2010.10.29"]
[SourceVersion "1"]
[SourceVersionDate "2010.10.29"]
[SourceQuality "1"]

1. e4 d6 2. d4 Nf6 3. Nc3 g6 4. Be3 Bg7 5. Qd2 c6 6. Nf3 0-0 7. a4 Ng4 8. Bg5 h6 9. Bh4 Nd7 10. Bd3 c5 11. d5 Nge5 12. Nxe5 Nxe5 13. Be2 Bg4 14. f3 Bd7 15. f4 Ng4 16. h3 Nf6 17. 0-0 Nh7 18. Qe3 Bd4 0-1

[Event "Medellin Feria de las Flores op"]
[Site "Medellin"]
[Date "2008.08.10"]
[Round "9.32"]
[White "Barros, Raul"]
[Black "Eder, Josef"]
[Result "1-0"]
[WhiteElo "2062"]
[BlackElo "1954"]
[PlyCount "89"]
[EventDate "2008.08.06"]
[EventType "swiss"]
[EventRounds "9"]
[EventCountry "COL"]
[SourceTitle "EXT 2024"]
[Source "ChessBase"]
[SourceDate "2023.10.10"]
[SourceVersion "1"]
[SourceVersionDate "2023.10.10"]
[SourceQuality "1"]

1. d4 Nf6 2. c4 d6 3. Nc3 g6 4. e4 Bg7 5. Nf3 0-0 6. Be2 e5 7. dxe5 dxe5 8. Qxd8 Rxd8 9. Bg5 Re8 10. 0-0-0 Nbd7 11. Nb5 Rf8 12. Nxc7 Rb8 13. Nd2 Nc5 14. f3 Bd7 15. Be3 b6 16. Kb1 Rfc8 17. Nd5 Nxd5 18. cxd5 f5 19. Rc1 a5 20. Rc2 Bf8 21. Rhc1 Ba4 22. b3 Bd7 23. Kb2 h5 24. a3 Ra8 25. Nc4 Rcb8 26. Nxb6 Na4+ 27. bxa4 Rxb6+ 28. Bxb6 Rb8 29. Rc6 Bh6 30. Rxg6+ Kh7 31. Rd6 Bxa4 32. Rc7+ Bg7 33. Kc1 fxe4 34. fxe4 Rf8 35. Bxa5 Rf2 36. Bf3 h4 37. h3 Rf1+ 38. Kd2 Ra1 39. Bg4 Ra2+ 40. Kc1 Rxg2 41. Bf5+ Kg8 42. Rd8+ Bf8 43. Be6+ Kh8 44. Rxf8+ Rg8 45. Rxg8# 1-0

[Event "Medellin Feria de las Flores op"]
[Site "Medellin"]
[Date "2008.08.07"]
[Round "3.26"]
[White "Eder, Josef"]
[Black "Otalora Pacheco, Carlos Eduardo"]
[Result "0-1"]
[WhiteElo "1954"]
[BlackElo "2100"]
[PlyCount "45"]
[EventDate "2008.08.06"]
[EventType "swiss"]
[EventRounds "9"]
[EventCountry "COL"]
[SourceTitle "EXT 2024"]
[Source "ChessBase"]
[SourceDate "2023.10.10"]
[SourceVersion "1"]
[SourceVersionDate "2023.10.10"]
[SourceQuality "1"]

1. e4 e5 2. Nf3 Nf6 3. Nxe5 d6 4. Nf3 Nxe4 5. d4 d5 6. Bd3 Nc6 7. 0-0 Be7 8. Re1 Bg4 9. c3 f5 10. Nbd2 0-0 11. Qb3 Kh8 12. Qc2 Bd6 13. b4 a6 14. a4 Rf6 15. Bb2 Rg6 16. b5 Nxd2 17. Nxd2 Bxh2+ 18. Kxh2 Qh4+ 19. Kg1 Bh3 20. Nf3 Qg4 21. g3 Qxf3 22. Bf1 Bxf1 23. Kxf1 0-1